000 00548nam a2200229Ia 4500
003 OSt
005 20220924152505.0
006 a|||||r|||| 00| 0
007 ta
008 220923b |||||||| |||| 00| 0 tel d
024 _a342721
037 _cTextual
040 _aARTS
_cARTS
_btel
041 _2tel
_atel
082 _aV235.M9, 155K9
100 _aKelkar
_9225842
245 0 _aItihasik powade
260 _c1969
650 _aHISTORY
942 _hV235.M9, 155K9
_cTEXL
_2CC
999 _c470005
_d470005